LEADER 01170nam a2200277 u 4500 001 000000058937 003 CaOOAMICUS 005 20070226120739.0 008 010618s1988 it u000 u ita u 020 $a8821516288 035 $a10892839 040 $aPUL(R)$bita 100 1 $aBrambilla,F.G.$0(OLS)http://pul/name/11871 245 10$aEpiscopato Presbiterato Diaconato :$bTeologia e Diritto Canonico /$cF.G. Brambilla ... [et al.] ; a cura di Ernesto Cappellini. 260 $aMilano :$bEd. Paoline,$cc1988. 300 $a389 p. ;$c21 cm 500 $aContiene indice. 504 $aBibliografia in nota. 650 4$aTeologia e diritto.$0(OLS)http://pul/subject/16865 700 1 $aCappellini, Ernesto.$0(OLS)http://pul/name/12585 850 $aPUL 852 $aPUL$W1$xSL Diritto Canonico 3$y77$m262. 99 CAN.2 60$j76921$n $b $qDDC 21$B76921$CPULBib$Z2$F76921 $H60754 $82 941 1 $a9 996 $6020$a8821516288$9(OLS)http://pul/number/74875 996 $6245$aEpiscopato Presbiterato Diaconato :$bTeologia e Diritto Canonico$9(OLS)http://pul/title/78948 996 $6260$aMilano :$bEd. Paoline$9(OLS)http://pul/publisher/48495 LEADER 01299nam a2200313 a 4500 001 000000149471 003 CaOOAMICUS 005 20160217144932.0 008 160217s2015 it u000 u ita r 020 $a978-88-6372-3752-4* 032 $aLibriCat 040 $aPUL$bita 082 04$a272.2 245 03$aLa polemica europea sull'inquisizione / $ccura di Ugo Baldini. 260 $aRoma :$bEdizioni di Storia e Letteratura,$c2015. 300 $aXXXII, 213 p. ;$c24 cm. 490 1 $aTemi e testi ; ;$v135 504 $aBibliografia in nota a pič pagina. 650 04$aInquisizione$xStoria.$0(OLS)http://pul/subject/12773 700 1 $aBaldini, Ugo.$0(OLS)http://pul/name/62684 830 0$aTemi e testi (Edizioni di storia e letteratura) ;$v135.$0(OLS)http://pul/title/615 850 $aPUL 852 $aPUL$W1$xSL Religione 3$y85$m272. 2 BALUG 1$j172121$qDDC 21$B173744$CPULBib$Z2$F173744 $H127237 $81 941 1 $a9 996 $6020$a978-88-6372-3752-4*$9(OLS)http://pul/number/159735 996 $6082$a272.2$9(OLS)http://pul/classification/533 996 $6245$aLa polemica europea sull'inquisizione / $9(OLS)http://pul/title/188453 996 $6260$aRoma :$bEdizioni di Storia e Letteratura$9(OLS)http://pul/publisher/48123